| 000 | 01261nam0a22002651 4500 | ||
|---|---|---|---|
| 001 | rc\4618041 | ||
| 005 | 20260407051045.0 | ||
| 021 |
_aRU _b[62-81141] |
||
| 035 | _a(NLR Aleph) 008673252 | ||
| 090 |
_a9133123 _c9133123 |
||
| 100 | _a20130416d1962 |||y0rusy50 ca | ||
| 101 | 0 | _arus | |
| 102 | _aRU | ||
| 105 | _ay z ||||| | ||
| 200 | 1 |
_aСборник лекций по материалам XXII съезда КПСС _e(Учеб.-метод. пособие для студентов вечернего и заоч. обучения) _e[Сборник статей _fРед. коллегия: канд. ист. наук Д.И. Мариненко (ред.) и др.] _gМ-во высш. и сред. спец. образования УССР. Харьк. инж.-строит. ин-т. Кафедра марксизма-ленинизма |
|
| 210 |
_aХарьков _cБ. и. _d1962 |
||
| 215 |
_a101 с. _d20 |
||
| 601 | 0 | 2 |
_aКПСС _xИстория _z1961- _2psbo |
| 702 | 1 |
_aМариненко _bД.И. _4340 |
|
| 712 | 0 | 2 |
_aХарьковский инженерно-строительный институт _3RU\NLR\AUTH\8810020240 _9538475 |
| 801 | 0 |
_aRU _bNLR _gpsbo |
|
| 801 | 1 |
_aRU _bELAR _2rusmarc |
|
| 852 |
_aNLR _j62-3/5732 |
||
| 942 | _cBOOK | ||
| 980 | _aNB | ||